Tichý spoločník a podiel na zisku
Zmluva o tichom spoločenstve - záväzky vyplývajúce zo zmluvy pre tichého spoločníka a pre podnikateľský subjekt. Peňažný alebo iný majetkový vklad tichého spoločníka do podnikania. Záväzok podnikateľa vyplatiť určitú časť zisku z podielu tichého spoločníka na výsledku podnikania. Konkrétne príklady.
Uložené v:
| Hlavný autor: | |
|---|---|
| Médium: | Kapitola |
| Jazyk: | Slovak |
| Predmet: | |
| Tagy: |
Žiadne tagy, Buďte prvý, kto otaguje tento záznam!
|
MARC
| LEADER | 00000naa a2200000 4500 | ||
|---|---|---|---|
| 001 | r032879 | ||
| 005 | 20230921084015.3 | ||
| 041 | 0 | |a slo | |
| 044 | |a SK | ||
| 245 | 1 | 0 | |a Tichý spoločník a podiel na zisku |c Daniel Jánoš |
| 520 | |a Zmluva o tichom spoločenstve - záväzky vyplývajúce zo zmluvy pre tichého spoločníka a pre podnikateľský subjekt. Peňažný alebo iný majetkový vklad tichého spoločníka do podnikania. Záväzok podnikateľa vyplatiť určitú časť zisku z podielu tichého spoločníka na výsledku podnikania. Konkrétne príklady. | ||
| 610 | 2 | 0 | |a spoločenstvo tiché |
| 610 | 2 | 0 | |a spoločníci |
| 610 | 2 | 0 | |a zmluvy |
| 610 | 2 | 0 | |a vklady |
| 610 | 2 | 0 | |a podiely na zisku |
| 610 | 2 | 0 | |a podnikatelia |
| 100 | 1 | |a Jánoš, Daniel | |